000 00181 a2200085 4500
245 _aIzithelo zokuganga
_hText
100 _aT.P Ndlovu
650 _andebele literature
005 20191021100044.0
084 _aNONE
999 _c13013
_d13013